000 00300nam a2200109Ia 4500
008 200302s9999 xx 000 0 und d
100 _aJoanna Smith
245 _aBrand new graden from bare plot to styish garden in easy steps
260 _bHamlyn London publishing
260 _c2003
300 _a106 P.,
999 _c4132
_d4132